Effective Management (Record no. 1964)

MARC details
000 -LEADER
fixed length control field 00311nam a22001337a 4500
008 - FIXED-LENGTH DATA ELEMENTS--GENERAL INFORMATION
fixed length control field 250218b |||||||| |||| 00| 0 eng d
020 ## - INTERNATIONAL STANDARD BOOK NUMBER
ISBN 0749419628
100 ## - MAIN ENTRY--AUTHOR
Author BENNETT, Roger
245 ## - TITLE STATEMENT
Title Effective Management
260 ## - PUBLICATION, DISTRIBUTION, ETC. (IMPRINT)
Place of publication England
Name of publisher Clays Ltd.
Date of publication 1994
300 ## - COLLATION
Pagination 269p.
942 ## - ADDED ENTRY ELEMENTS (KOHA)
Item type Books
050 ## - LIBRARY OF CONGRESS CALL NUMBER
Classification number HD30
Item number .B46
Holdings
Source of classification or shelving scheme Not for loan Permanent location Current location Date acquired Accession No. Full call number Barcode. Koha item type
Library of Congress Classification   Samuel Ogbemudia Main Library, University of Abuja Samuel Ogbemudia Main Library, University of Abuja 02/18/2025 2003/25700 HD30.B46 2025-0098 Books
Library of Congress Classification   Samuel Ogbemudia Main Library, University of Abuja Samuel Ogbemudia Main Library, University of Abuja 02/18/2025 2003/25700 HD30.B46 2025-0099 Books